000 00605nam a2200265Ia 4500
008 210210b2008 xxu||||| |||| 00| 0 eng d
020 _a9788124802229
041 _aeng
082 _aH891.7 JAVJ
100 _aJAVLI (Je Pi Es)
245 _aJavli ankal hansna jindagi hai: jindagi ke rang hansi ke sangh
260 _aNayi Dilli
_b-
_c2008
300 _ax,198
650 _asangh
650 _arang
650 _ake
650 _ajindagi
650 _aJavli
650 _ahansna
650 _ahansi
650 _ahai:
650 _aankal
690 _aHindi Humour
906 _a065161
999 _c142447
_d142447